000 00738nam a2200289Ia 4500
005 20260324114143.0
008 008 260324s9999 xx 000 0 eng d
020 _a9781003171164
037 _aEBOOK
040 _aCRL
040 _beng
040 _cCRL
041 _2eng
041 _aeng
084 _qCRL
100 _aMatteo Clemente; Jesús Rodrigo Comino; Francesco M. Chelli
_91149647
245 0 _aResilient Landscapes
245 0 _bPost-crisis Local Development and Sustainable Society
260 _bTaylor and Francis
260 _c2023
365 _a
365 _b290
856 _uhttp://www.taylorfrancis.com/books/9781003171164
942 _cEBOOK
999 _c1739674
_d1739674